000 01033nam a2200229 i 4500
001 182305
003 ES-MaACL
005 20231221210652.0
008 130801s1976 sp | |||| ||spa d
020 _a84-7392-096-1
080 _a821.134.2 Valera, Juan 7 Pepita Jiménez.07
100 1 _aBravo-Villasante, Carmen,
_d1918-1994
_931507
245 1 0 _aPepita Jiménez, mujer actual :
_bconferencia pronunciada en la Fundación Universitaria Española el día 25 de febrero de 1975, con motivo del Año Internacional de la Mujer /
_cCarmen Bravo-Villasante.
260 _aMadrid :
_bFundación Universitaria Española,
_c1976.
300 _a18 p. ;
_c21 cm.
490 1 _aPublicaciones de la Fundación Universitaria Española. Conferencias ;
_v39
600 1 4 _aValera, Juan,
_d1824-1905.
_tPepita Jiménez
_9112643
710 2 _aFundación Universitaria Española.
_94426
830 1 _aPublicaciones de la Fundación Universitaria Española. Conferencias ;
_v39
_9186477
852 4 _aES-MaACL
_j2317-F-7
999 _c182305
_d182305